Public control of labor relations, a study of the National labor relations board /

Gorde:
Xehetasun bibliografikoak
Egile nagusia: Bowman, Dean Orlando, 1909-
Formatua: Thesis Liburua
Hizkuntza:English
Argitaratua: New York : The Macmillan company, 1942.
Gaiak:
LEADER 01124nam a2200289 a 4500
001 c000111118
003 CARM
005 00000000000000.0
008 s1942 nyua b 00010 eng d
010 |a 42018573 
019 1 |a 6158782  |5 LACONCORD2021 
035 |a (OCoLC)307477  |5 LACONCORD2021 
043 |a n-us--- 
050 0 0 |a HD5504.A3  |b B6 
100 1 |a Bowman, Dean Orlando,  |d 1909- 
245 1 0 |a Public control of labor relations,  |b a study of the National labor relations board /  |c by D.O. Bowman. 
260 0 0 |a New York :  |b The Macmillan company,  |c 1942. 
300 |a xi, 504 p. :  |b ill. ;  |c 24 cm. 
500 |a Without thesis note. 
502 |a Thesis (Ph.D.)--University of Michigan, 1941. 
504 |a Bibliographical foot-notes. 
610 1 0 |a United States.  |b National Labor Relations Board. 
650 0 |a Arbitration, Industrial  |z United States. 
852 8 |b CARM  |h A2:AF36E0  |i C01233  |p 0073891  |f BK 
082 0 4 |a 331.1540973 
999 f f |i 66692f4a-c124-5dc4-b98f-859c073d77d0  |s 8439dd31-cfee-5a12-8207-f9bc1c47824b 
952 f f |p Can circulate  |a CAVAL  |b CAVAL  |c CAVAL  |d CARM 1 Store  |e C01233  |f A2:AF36E0  |h Other scheme  |i book  |m 0073891